| 000 | 01559nam a2200373Ia 4500 | ||
|---|---|---|---|
| 001 | ebr10127920 | ||
| 003 | CaPaEBR | ||
| 006 | m u | ||
| 007 | cr cn||||||||| | ||
| 008 | 050816s2005 ne a sb 001 0 eng d | ||
| 010 | _z 2005280743 | ||
| 015 |
_aGBA504353 _2bnb |
||
| 020 | _z0750677465 (pbk.) : | ||
| 040 |
_aCaPaEBR _cCaPaEBR |
||
| 035 | _a(OCoLC)647496313 | ||
| 050 | 1 | 4 |
_aTK5103.2 _b.C445 2005eb |
| 082 | 0 | 4 |
_a005.8 _222 |
| 100 | 1 | _aChandra, Praphul. | |
| 245 | 1 | 0 |
_aBulletproof wireless security _h[electronic resource] : _bGSM, UMTS, 802.11 and ad hoc security / _cby Praphul Chandra. |
| 260 |
_aAmsterdam ; _aOxford : _bNewnes, _c2005. |
||
| 300 |
_axxxiii, 237 p. : _bill. |
||
| 490 | 1 | _aCommunications engineering series | |
| 504 | _aIncludes bibliographical references (p. 229-230) and index. | ||
| 533 |
_aElectronic reproduction. _bPalo Alto, Calif. : _cebrary, _d2009. _nAvailable via World Wide Web. _nAccess may be limited to ebrary affiliated libraries. |
||
| 650 | 0 |
_aWireless communication systems _xSecurity measures. |
|
| 650 | 0 |
_aWireless LANs _xSecurity measures. |
|
| 650 | 0 |
_aGlobal system for mobile communications _xSecurity measures. |
|
| 650 | 0 |
_aUniversal Mobile Telecommunications System _xSecurity measures. |
|
| 650 | 0 | _aIEEE 802.11 (Standard) | |
| 655 | 7 |
_aElectronic books. _2local |
|
| 710 | 2 | _aebrary, Inc. | |
| 830 | 0 | _aCommunications engineering series. | |
| 856 | 4 | 0 |
_uhttp://site.ebrary.com/lib/rucke/Doc?id=10127920 _zAn electronic book accessible through the World Wide Web; click to view |
| 999 |
_c184919 _d184919 |
||